00886nam a2200229 a 4500001001300000003000900013005001700022008004100039020001000080082001700090100001400107245008100121260005800202300000900260500003500269505001900304505025600323650002000579650002100599650002200620700001400642nice12345678IN_TiNIC20260116013031.0050524s1988 newa grp 000 0 eng  ac90000a954.035bAZI aAziz, K K aHistory of Partition of Indiab Origin and Development of the Idea of Pakist aNew DelhibAtlantic Publishers and Distributorsc1988 a300p aincludes index and biblioraphy2 abiblio., index2 abiblio., index00gV1.tHistory of Partition of India: Origin and Development of the Idea of Pakist.--gV2.tHistory of Partition of India: Origin and Development of the Idea of Pakist.--gV3.tHistory of Partition of India: Origin and Development of t aIndia-Partition aPakistan-History aCommunalism-India1 aAziz, K K